000 00302nam a22001337a 4500
008 171031b xxu||||| |||| 00| 0 eng d
020 _a1870738149
041 _aeng
080 _a33
100 _a58
101 _aBUS
245 _aCOMERCIAL ARBITRATION AT ITS BEST
_cTHOMAS.J.S
942 _2udc
_cBK
999 _c36799
_d36799